| 000 | 00623nam a2200229Ia 4500 | ||
|---|---|---|---|
| 008 | 180523s9999 xx 000 0 und d | ||
| 020 | _a981-4119-23-7 | ||
| 050 | _aMAIN GN 25 | ||
| 050 | _b.E45 2002 c.2 | ||
| 100 | _aEmber, Carol R. | ||
| 245 | 0 | _aAnthropology / | |
| 245 | 0 | _cCarol R. Ember, Melvin Ember, Peter N. Peregrine. | |
| 250 | _a10 Edition | ||
| 260 | _aSingapore : | ||
| 260 | _bPearson Education South Asia, | ||
| 260 | _c2002 | ||
| 300 | _a645 pages : | ||
| 300 | _billustrations ; | ||
| 300 | _c27 cm. | ||
| 500 | _aIncludes bibliographical references and index. | ||
| 650 | _aAnthropology | ||
| 999 |
_c356690 _d356690 |
||